KOHA-Header-6

Straregic Management Concepts and Cases (Record no. 9418)

000 -LEADER
fixed length control field 00259nam a2200109Ia 4500
020 ## - INTERNATIONAL STANDARD BOOK NUMBER
ISBN 978-0132664233
100 ## - MAIN ENTRY--AUTHOR NAME
Personal name Fred R David
245 #0 - TITLE STATEMENT
Title Straregic Management Concepts and Cases
260 ## - PUBLICATION, DISTRIBUTION, ETC. (IMPRINT)
Place of publication New Jersey
Name of publisher Prentice Hall
Year of publication 2002
300 ## - PHYSICAL DESCRIPTION
Number of Pages 223
942 ## - ADDED ENTRY ELEMENTS (KOHA)
Koha item type Books
Holdings
Withdrawn status Lost status Collection code Permanent Location Current Location Shelving location Date acquired Full call number Accession Number Koha item type
    Management MAJU MAJU   2019-09-14 hv669 5151 Management

Powered by Koha